Statistics for WW1 Countries

Click here to take the quiz!

General Stats

  • This quiz has been taken 2,185 times
  • The average score is 12 of 25

Answer Stats

Action Country % Correct
Declared Neutrality In 1914, led by Woodrow WilsonUnited States of America
93%
Among The First To Mobilize Troops Against GermanyRussia
91%
Reluctant Despite Their Alliance With Germany And Austria-Hungary, They Sided With The Allies In 1916Italy
91%
Central Power That Declared War With Germany, Who Declared War On ThemFrance
90%
The Country Above's RivalGermany
87%
Initiated World War I By Declaring War On Another Country July Of 1914Austria-Hungary
82%
The Country That The Above Declared War OnSerbia
77%
Joined Following Britain's Idea Of Combat Raids On The German Imperial NavyJapan
71%
Though They Were Neutral, They Joined To Offer Resistance Against GermanyBelgium
68%
Mediterranean Country That Followed The USA's Entry To WWIGreece
67%
Joined To Side With The Central Powers, Due To It's Close Ties With GermanyOttoman Empire
65%
Fought From 1915 To 1918Bulgaria
63%
Only South American Country To Participate In WWIBrazil
62%
Joined The Allies In 1916Romania
53%
Had a Rivalry With Another European Country, Who Declared War On Them In 1916Portugal
50%
Entered WWI Following The USA's Entry In 1917China
47%
Assisted Serbia, Fought In WWIMontenegro
35%
Major Power, Had Future WW2 Leader In Their ArmyBritish Empire
18%
Other CountryPanama
6%
Other CountryNicaragua
5%
Their Trade Was Adverseley Affected By The War, Joined The Allies In 1917Liberia
4%
Other CountryGuatemala
4%
Other CountryHaiti
4%
Other CountryHonduras
4%

Score Distribution

Percentile by Number Answered

Percent of People with Each Score

Your Score History

You have not taken this quiz